书目信息 |
| 题名: |
电气试验作业指导书
|
|
| 作者: | 莫兆祥 , 王兆军 主编 ;南水北调东线江苏水源公司 编著 | |
| 分册: | ||
| 出版信息: | 南京 河海大学出版社 2022.02 |
|
| 页数: | 178页 | |
| 开本: | 26cm | |
| 丛书名: | 南水北调后续工程高质量发展·大型泵站标准化管理系列丛书 | |
| 单 册: | ||
| 中图分类: | TV675-65 | |
| 科图分类: | ||
| 主题词: | 南水北调--nan shui bei diao--泵站--电气设备--电工试验--标准化管理 | |
| 电子资源: | ||
| ISBN: | 978-7-5630-7380-1 | |
| 000 | 01430nam 2200277 450 | |
| 001 | 25340 | |
| 005 | 20220918181555.21 | |
| 010 | @a978-7-5630-7380-1@dCNY92.00 | |
| 100 | @a20220409d2022 em y0chiy50 ea | |
| 101 | 0 | @achi |
| 102 | @aCN@b320000 | |
| 105 | @aa z 000yy | |
| 200 | 1 | @a电气试验作业指导书@Adian qi shi yan zuo ye zhi dao shu@f南水北调东线江苏水源有限责任公司编著 |
| 210 | @a南京@c河海大学出版社@d2022.02 | |
| 215 | @a178页@c彩图@d26cm | |
| 225 | 2 | @a南水北调后续工程高质量发展·大型泵站标准化管理系列丛书@Anan shui bei diao hou xu gong cheng gao zhi liang fa zhan ·da xing beng zhan biao zhun hua guan li xi lie cong shu |
| 314 | @a书内题: 莫兆祥, 王兆军主编 | |
| 330 | @a本书共分四部分: 范围、规范性引用文件、术语、试验作业。附录共7部分, 包括: 南水北调江苏新建泵站电气一次系统图 ; 南水北调江苏新建泵站继电保护配置情况 ; 南水北调江苏新建泵站电气试验工程量 ; 泵站主要高压电气设备的预试项目和周期 ; 电气试验基本项目的试验原理 ; 电气试验报告格式 ; 总体布置。 | |
| 410 | 0 | @12001 @a南水北调后续工程高质量发展·大型泵站标准化管理系列丛书 |
| 606 | 0 | @a南水北调@Anan shui bei diao@x泵站@x电气设备@x电工试验@x标准化管理 |
| 690 | @aTV675-65@v5 | |
| 701 | 0 | @a莫兆祥@Amo zhao xiang@4主编 |
| 701 | 0 | @a王兆军@Awang zhao jun@4主编 |
| 712 | 02 | @a南水北调东线江苏水源公司@Anan shui bei diao dong xian jiang su shui yuan gong si@4编著 |
| 801 | 0 | @aCN@c20220910 |
| 905 | @a河南城建学院图书馆@dTV675-65@eM890@f1 | |
| 电气试验作业指导书/南水北调东线江苏水源有限责任公司编著.-南京:河海大学出版社,2022.02 |
| 178页:彩图;26cm.-(南水北调后续工程高质量发展·大型泵站标准化管理系列丛书) |
| ISBN 978-7-5630-7380-1:CNY92.00 |
| 本书共分四部分: 范围、规范性引用文件、术语、试验作业。附录共7部分, 包括: 南水北调江苏新建泵站电气一次系统图 ; 南水北调江苏新建泵站继电保护配置情况 ; 南水北调江苏新建泵站电气试验工程量 ; 泵站主要高压电气设备的预试项目和周期 ; 电气试验基本项目的试验原理 ; 电气试验报告格式 ; 总体布置。 |
| ● |
| 相关链接 |
|
|
|
正题名:电气试验作业指导书
索取号:TV675-65/M890
 
预约/预借
| 序号 | 登录号 | 条形码 | 馆藏地/架位号 | 状态 | 备注 |
| 1 | 1576171 | 215761717 | 自科库501/501自科库 48排4列1层/ [索取号:TV675-65/M890] | 在馆 |